00740nam a2200181 a 450000100100000000500170001000800410002704000250006808200150009310000330010824500880014126001360022930000210036570000330038604900090041995201130042899900170054100001759820200929165150.0100329s19uu xxu 000 0 spa d aDO-SdBNPbspacBNPHU axxxbC911c1 aCrawley, Sadie Tiller93837710aCreencias por las cuales vivir /cSadie Tiller Crawley; traducción Floreal Ureta. aSantiago de Chile :bEditorial El LuceroaTexas :bCasa Bautista de PublicacionesaBuenos Aires :bJunta Bautista de Publicaciones. a120 p. ;c18 cm.1 aUreta, Florealetrad.938378 aBNPD 001050718MOaGRbGRcCTd2010-03-29iLF1l0oxxx C911cp17598-10r2020-06-25w2020-06-25y1ZNo se presta c17123d17123